Seleções que foram convidadas para jogar a Copa América - Statistics

Estatísticas Gerais
  • Esse quiz foi jogado 105 vezes
  • A pontuação média é 7 de 9
Estatísticas das Respostas
Participações Seleção % Correto
10 México
98%
4 Estados Unidos
94%
2 Japão
91%
5 Costa Rica
77%
1 Honduras
75%
1 Catar
69%
1 Panamá
69%
2 Jamaica
66%
1 Haiti
63%
Nenhum quiz correspondente encontrado
Distribuição das Pontuações
Porcentagem de Pessoas com Cada Pontuação
Percentil de Números Respondidos
Sua Pontuação Histórica
Você não jogou esse quiz